New Zodiac Signs Quiz Stats

 Plays Quiz not verified by Sporcle

Challenge
Share
Tweet
Embed
Score 0/13 Timer 03:00
0 Plays Today
Birthday Signs % Correct
Jun 21 - July 20 Gemini
91.2%
Jan 20 - Feb 16Capricorn
88.2%
Aug 10 - Sep 16Leo
88.2%
Sep 16 - Oct 30Virgo
88.2%
May 13 - Jun 21Taurus
85.3%
Feb 16 - Mar 11Aquarius
82.4%
Mar 11 - Apr 18Pisces
82.4%
Apr 18 - May 13Aries
82.4%
July 20 - Aug 10Cancer
82.4%
Oct 30 - Nov 23Libra
79.4%
Dec 17 - Jan 20Sagittarius
76.5%
Nov 23 - Nov 29Scorpio
73.5%
Nov 29 - Dec 17Ophiuchus
32.4%

You're not logged in!

Compare scores with friends on all Sporcle quizzes.
OR
Log In

You Might Also Like...

Show Comments

Extras

Created Jan 13, 2011SourceReportNominate
Tags:birthday, sign, zodiac

Top Quizzes Today


Score Distribution

Your Account Isn't Verified!

In order to create a playlist on Sporcle, you need to verify the email address you used during registration. Go to your Sporcle Settings to finish the process.

Report this User

Report this user for behavior that violates our Community Guidelines.

Details: